[Event "14th Gijon Closed"]
[Site "Gijon ESP"]
[Date "2022.07.04"]
[Round "2"]
[White "Dommaraju Gukesh"]
[Black "Alexandr Fier"]
[Result "1-0"]
[EventDate "2022.07.03"]
[WhiteElo "2684"]
[BlackElo "2567"]
[Source "365Chess"]
[PlyCount "60"]

1. d4 d5 2. c4 e6 3. Nf3 Nf6 4. Nc3 c6 5. e3 Nbd7 6. Be2 Bd6 7. b3 O-O 8. Bb2 b6 9. O-O Bb7 10. Bd3 Re8 11. a4 e5 12. dxe5 Nxe5 13. cxd5 Nxf3+ 14. Qxf3 Be5 15. dxc6 Bxc6 16. Qe2 Nd5 17. Rac1 Qh4 18. g3 Qh3 19. Ne4 Bb7 20. Bxe5 Rxe5 21. f4 Re7 22. Ng5 Qh6 23. Bxh7+ Kh8 24. Be4 Rae8 25. Qb5 Nf6 26. Bxb7 Rxb7 27. e4 Rbe7 28. e5 Nd7 29. Rc7 Nxe5 30. Qxe5 1-0

[Event "14th Gijon Closed"]
[Site "Gijon ESP"]
[Date "2022.07.04"]
[Round "3"]
[White "Forgas Moreno, Yaniela"]
[Black "Dommaraju Gukesh"]
[Result "0-1"]
[EventDate "2022.07.03"]
[WhiteElo "2343"]
[BlackElo "2684"]
[Source "365Chess"]
[PlyCount "56"]

1. d3 c5 2. f4 d5 3. Nf3 Nf6 4. g3 g6 5. Bg2 Bg7 6. O-O O-O 7. c3 Nc6 8. Na3 Rb8 9. Nc2 b6 10. h3 Qc7 11. Qe1 Bb7 12. g4 e5 13. Nh4 e4 14. Qf2 h6 15. Be3 Rbd8 16. d4 c4 17. Qg3 Ne7 18. Kh2 Nh7 19. Rf2 Bc6 20. Bd2 Nf6 21. Ne3 Kh7 22. Bf1 Rg8 23. Nhg2 Bf8 24. f5 Qxg3+ 25. Kxg3 g5 26. h4 h5 27. gxh5 Bh6 28. Kh2 g4 0-1

[Event "14th Gijon Closed"]
[Site "Gijon ESP"]
[Date "2022.07.03"]
[Round "1"]
[White "Garrido Outon, Alex"]
[Black "Dommaraju Gukesh"]
[Result "0-1"]
[EventDate "2022.07.03"]
[WhiteElo "2436"]
[BlackElo "2684"]
[Source "365Chess"]
[PlyCount "76"]

1. e4 c5 2. Nf3 Nc6 3. d4 cxd4 4. Nxd4 e5 5. Nb5 d6 6. N1c3 a6 7. Na3 Be7 8. Nc4 b5 9. Ne3 Nf6 10. Bd3 Nb4 11. Be2 O-O 12. O-O Be6 13. a3 Nc6 14. Bd3 Nd7 15. b4 Bg5 16. Ncd5 Rb8 17. c3 Ne7 18. a4 Bxd5 19. Nxd5 Nxd5 20. exd5 Bxc1 21. Qxc1 Nf6 22. axb5 axb5 23. Qc2 g6 24. Rfd1 Qd7 25. Ra5 Rfc8 26. Bf1 Kg7 27. h3 h5 28. Qd3 Qf5 29. Qxf5 gxf5 30. Rxb5 Rxb5 31. Bxb5 Rxc3 32. Bf1 Rb3 33. b5 Rb2 34. Rc1 h4 35. Bd3 f4 36. Bc4 e4 37. Rc3 Rb1+ 38. Kh2 Nh5 0-1

[Event "Bangladesh Premier Division League 2021-22"]
[Site "Dhaka BAN"]
[Date "2022.03.20"]
[Round "11"]
[White "Abhimanyu Puranik"]
[Black "Dommaraju Gukesh"]
[Result "1-0"]
[EventDate "?"]
[WhiteElo "2618"]
[BlackElo "2614"]
[Source "365Chess"]
[PlyCount "104"]

1. e4 e6 2. d4 d5 3. e5 c5 4. c3 Nc6 5. Nf3 Bd7 6. Be2 Nge7 7. Na3 cxd4 8. cxd4 Nf5 9. Nc2 Be7 10. O-O O-O 11. Ne3 Nh4 12. Nxh4 Bxh4 13. Ng4 Be7 14. Bd3 Kh8 15. Re1 f5 16. exf6 Bxf6 17. Ne5 Be8 18. Qg4 Bxe5 19. dxe5 Bg6 20. Bxg6 hxg6 21. Qh3+ Kg8 22. Qxe6+ Rf7 23. Qxg6 Qb6 24. Be3 Qxb2 25. e6 Rf6 26. Qd3 Qe5 27. Rad1 Rxe6 28. Qxd5 Qxd5 29. Rxd5 Rae8 30. Rb1 R8e7 31. h3 Re4 32. g3 Rc4 33. Rb2 b6 34. Kg2 Kf7 35. h4 Re5 36. Rd7+ Re7 37. Rbd2 Ra4 38. Bg5 Rxd7 39. Rxd7+ Kg8 40. Bd2 Ne5 41. Rd8+ Kh7 42. Bc3 Nf7 43. Rd7 Kg8 44. Rd2 b5 45. h5 Ng5 46. Rd8+ Kh7 47. Rd7 Ne6 48. Re7 Ra6 49. Be5 Kh6 50. g4 g6 51. hxg6 Kxg6 52. f4 1-0

[Event "Bangladesh Premier Division League 2021-22"]
[Site "Dhaka BAN"]
[Date "2022.03.17"]
[Round "8"]
[White "Aditya Mittal"]
[Black "Dommaraju Gukesh"]
[Result "0-1"]
[EventDate "?"]
[WhiteElo "2487"]
[BlackElo "2614"]
[Source "365Chess"]
[PlyCount "102"]

1. d4 Nf6 2. c4 e6 3. g3 d5 4. Bg2 dxc4 5. Nf3 c6 6. O-O b5 7. Ne5 Bb7 8. a4 a6 9. b3 cxb3 10. Bb2 Nbd7 11. Qxb3 Nxe5 12. dxe5 Nd7 13. Nc3 Nc5 14. Qc2 b4 15. Nd1 Nd7 16. Ne3 Qc8 17. Nc4 c5 18. Be4 Bxe4 19. Qxe4 Be7 20. f4 g6 21. g4 Rb8 22. a5 Qb7 23. Qxb7 Rxb7 24. Kg2 Nb8 25. Kf3 Kd7 26. f5 Rd8 27. Ke4 Kc6 28. fxe6 fxe6 29. Rf7 Bf8 30. Rf6 Kb5 31. Rc1 Re8 32. Rxf8 Rxf8 33. Nd6+ Kc6 34. Nxb7 Kxb7 35. Rxc5 Rf2 36. Kd3 Rxh2 37. Rc4 Rh3+ 38. Kd2 Nc6 39. Rf4 Kc8 40. e3 Rh2+ 41. Kc1 b3 42. Ra4 Rg2 43. Ra3 Rxg4 44. Rxb3 Nxa5 45. Ra3 Nc4 46. Rxa6 Rg1+ 47. Kc2 Rg2+ 48. Kd3 Nxb2+ 49. Ke4 Rg4+ 50. Kf3 h5 51. Rxe6 Nc4 0-1

[Event "Bangladesh Premier Division League 2021-22"]
[Site "Dhaka BAN"]
[Date "2022.03.15"]
[Round "6"]
[White "Bharath Subramaniyam"]
[Black "Dommaraju Gukesh"]
[Result "1/2-1/2"]
[EventDate "?"]
[WhiteElo "2508"]
[BlackElo "2614"]
[Source "365Chess"]
[PlyCount "80"]

1. e4 e6 2. d4 d5 3. Nc3 Nf6 4. Bg5 dxe4 5. Nxe4 Be7 6. Bxf6 gxf6 7. Qd2 a6 8. Be2 f5 9. Nc3 b5 10. Bf3 Ra7 11. Nge2 c5 12. Qe3 Nd7 13. Bc6 Qc7 14. d5 O-O 15. Bxd7 Bxd7 16. dxe6 fxe6 17. Nd5 exd5 18. Qxe7 f4 19. O-O-O d4 20. Qg5+ Kh8 21. g3 f3 22. Nf4 Bf5 23. Rhe1 Qd6 24. Qh5 Rg7 25. h3 c4 26. Qxf3 c3 27. Qd5 cxb2+ 28. Kb1 Qb4 29. Qb3 Qa5 30. Re5 Rc7 31. Rxf5 Rxf5 32. Qe6 Rcf7 33. Rxd4 Qc7 34. Qxa6 Qc3 35. Ne6 h6 36. Qa8+ Kh7 37. Rg4 Qh8 38. Qe4 Qe5 39. Qa8 Qh8 40. Qe4 1/2-1/2

[Event "Bangladesh Premier Division League 2021-22"]
[Site "Dhaka BAN"]
[Date "2022.03.13"]
[Round "4"]
[White "Sharif Hossain Md"]
[Black "Dommaraju Gukesh"]
[Result "0-1"]
[EventDate "?"]
[WhiteElo "2205"]
[BlackElo "2614"]
[Source "365Chess"]
[PlyCount "66"]

1. e4 c6 2. d4 d5 3. Nc3 dxe4 4. Nxe4 Nf6 5. Nxf6+ exf6 6. c3 Bd6 7. Bd3 O-O 8. Qc2 Re8+ 9. Ne2 h5 10. Be3 Nd7 11. O-O-O Nf8 12. Kb1 Be6 13. Nf4 Bxf4 14. Bxf4 b5 15. b3 a5 16. Bc1 a4 17. b4 Nd7 18. Rde1 Nb6 19. Re2 Ra7 20. Rhe1 Rae7 21. Ka1 Bc4 22. Bxc4 Nxc4 23. Qd3 Qd6 24. h3 h4 25. Qf3 g6 26. Kb1 Kg7 27. Kc2 Re6 28. Rxe6 Rxe6 29. Rxe6 Qxe6 30. Kd1 a3 31. Qe2 Nb2+ 32. Kd2 Qxa2 33. Qe4 Nd3+ 0-1

[Event "Bangladesh Premier Division League 2021-22"]
[Site "Dhaka BAN"]
[Date "2022.03.11"]
[Round "2"]
[White "S Harshad"]
[Black "Dommaraju Gukesh"]
[Result "0-1"]
[EventDate "?"]
[WhiteElo "2328"]
[BlackElo "2614"]
[Source "365Chess"]
[PlyCount "80"]

1. e4 e6 2. d4 d5 3. Bd3 dxe4 4. Bxe4 Nf6 5. Bf3 c5 6. Ne2 Nc6 7. Be3 cxd4 8. Nxd4 Ne5 9. Nc3 a6 10. Qe2 Nxf3+ 11. Qxf3 e5 12. Nb3 Bb4 13. Bc5 Bxc5 14. Nxc5 O-O 15. O-O Qc7 16. N5e4 Nxe4 17. Qxe4 Be6 18. Rfe1 f6 19. a4 Rad8 20. Rad1 Qb6 21. b4 Qc7 22. Rxd8 Rxd8 23. Rd1 Rc8 24. Nd5 Qxc2 25. Qf3 e4 26. Qh5 g6 27. Nxf6+ Kg7 28. Qxh7+ Kxf6 29. Re1 Qe2 30. Qh4+ Kg7 31. f3 Rc1 32. Qe7+ Bf7 33. Qe5+ Kh7 34. Rxc1 Qe3+ 35. Kf1 Qxc1+ 36. Kf2 Qd2+ 37. Kg3 e3 38. Qf4 Be6 39. Qc7+ Bd7 40. Qe5 e2 0-1

[Event "Titled Tuesday intern op 18th Aug"]
[Site "Chess.com INT"]
[Date "2020.08.18"]
[Round "10"]
[White "Dommaraju Gukesh"]
[Black "Aleksandra Goryachkina"]
[Result "0-1"]
[EventDate "?"]
[WhiteElo "2563"]
[BlackElo "2582"]
[Source "chessbites.com; date by Chess Assistant 21"]
[PlyCount "160"]

1. e4 e6 2. d4 d5 3. exd5 exd5 4. Nf3 Nc6 5. Bd3 Nb4 6. Be2 Bf5 7. Na3 Nf6 8. c3 Nc6 9. Nc2 Bd6 10. Bg5 h6 11. Ne3 Be4 12. Bxf6 Qxf6 13. Nd2 O-O 14. O-O Rfe8 15. Nxe4 dxe4 16. g3 Ne7 17. Qb3 b6 18. f4 Nf5 19. Nxf5 Qxf5 20. Rae1 Re7 21. Bb5 c5 22. Bc6 Rc8 23. Bd5 Rd8 24. Re2 cxd4 25. cxd4 Bc7 26. Bc4 Rxd4 27. Rfe1 Bd6 28. Qb5 Bc5 29. Kg2 e3 30. Bb3 Qe4+ 31. Kg1 Rd2 32. Qc4 Qxc4 33. Bxc4 Rxe2 34. Rxe2 Rd7 35. Kg2 Kf8 36. b3 Rd2 37. Kf3 Bd4 38. Rxd2 exd2 39. Ke2 Bc3 40. g4 Ke7 41. f5 f6 42. h3 Kd6 43. Bf7 Ke5 44. Bh5 Kd4 45. Bg6 Bb4 46. Kd1 Kc3 47. Bf7 Kb2 48. a4 Kc3 49. h4 Kd4 50. h5 Ke4 51. Kc2 Kf4 52. Kd1 Kxg4 53. Bg6 Kf4 54. Kc2 Ke3 55. Kd1 Bc3 56. Bf7 a6 57. Bg6 b5 58. axb5 axb5 59. Be8 b4 60. Bg6 Bd4 61. Bf7 Bc5 62. Bg6 Bf8 63. Bf7 g5 64. fxg6 f5 65. Bc4 Bg7 66. Bd5 f4 67. Bc6 f3 68. Bd5 Bc3 69. Bc6 Kf4 70. Bb7 Kg3 71. Be4 Kf2 72. Bd5 Ke3 73. Bc6 f2 74. Bg2 Kf4 75. Bf1 Kg3 76. Ke2 Kh2 77. Kd1 Kg1 78. Bd3 f1=Q+ 79. Bxf1 Kxf1 80. Kc2 Ke2 0-1

[Event "El Llobregat Open"]
[Site "El Prat de Llobregat ESP"]
[Date "2019.12.08"]
[Round "6"]
[White "Dommaraju Gukesh"]
[Black "Mobina Alinasab"]
[Result "1-0"]
[EventDate "2019.12.03"]
[WhiteElo "2547"]
[BlackElo "2324"]
[Source "2700chess.com"]
[PlyCount "168"]

1. c4 e6 2. Nf3 Nf6 3. Nc3 d5 4. e3 Be7 5. b3 b6 6. Bb2 Bb7 7. cxd5 exd5 8. d4 Nbd7 9. g3 O-O 10. Bg2 Ne4 11. O-O Nxc3 12. Bxc3 Nf6 13. Qc2 Ne4 14. Bb2 c5 15. Rfd1 Rc8 16. dxc5 Rxc5 17. Qd3 Bf6 18. Nd4 Qc8 19. Rac1 Rd8 20. b4 Rxc1 21. Rxc1 Qd7 22. Qa3 a6 23. Ne2 Qf5 24. Nf4 d4 25. exd4 Bxd4 26. Bxd4 Rxd4 27. b5 g5 28. bxa6 Bxa6 29. Qxa6 gxf4 30. Qxb6 Rd2 31. Bxe4 Qxe4 32. Qf6 Rc2 33. Rd1 Rd2 34. Qg5+ Kh8 35. Rxd2 Qe1+ 36. Kg2 Qxd2 37. Qe5+ Kg8 38. Qg5+ Kf8 39. Qc5+ Kg8 40. Qc8+ Kg7 41. Qa8 h5 42. a3 fxg3 43. hxg3 Qg5 44. Qe4 Qa5 45. a4 Qc5 46. Kg1 Qc1+ 47. Kh2 Qc5 48. Kg2 Qa5 49. Kh3 Qc5 50. f4 Qc8+ 51. Kh2 Qc1 52. Qe5+ f6 53. Qe7+ Kg6 54. Qe4+ Kg7 55. f5 Qc3 56. a5 Qb2+ 57. Kh3 Qa1 58. Kh4 Kh6 59. Qe3+ Kg7 60. Qe7+ Kh6 61. Qf8+ Kh7 62. Qf7+ Kh8 63. Qxh5+ Kg7 64. Qg4+ Kh8 65. Kh5 Qxa5 66. Kg6 Qc7 67. Qh4+ Kg8 68. Kxf6 Qd6+ 69. Kg5 Qe5 70. Qf4 Qg7+ 71. Kh4 Qh7+ 72. Kg4 Qb7 73. Qe5 Kh7 74. Kg5 Qf7 75. Qe6 Qc7 76. Qg6+ Kh8 77. Kh6 Qf4+ 78. Qg5 Qc7 79. Qf6+ Kg8 80. Qg6+ Kf8 81. f6 Qf4+ 82. Qg5 Qd6 83. Qg7+ Ke8 84. Qe7+ 1-0

[Event "23rd Bavarian Masters Open"]
[Site "Tegernsee GER"]
[Date "2019.11.03"]
[Round "9"]
[White "Fabrizio Bellia"]
[Black "Dommaraju Gukesh"]
[Result "1/2-1/2"]
[EventDate "?"]
[WhiteElo "2433"]
[BlackElo "2520"]
[Source "ChessBites"]
[PlyCount "62"]

1. e4 c5 2. Nf3 Nc6 3. Bb5 g6 4. O-O Bg7 5. c3 e5 6. d3 Nge7 7. Re1 O-O 8. Nbd2 d6 9. h3 h6 10. Nf1 Be6 11. a3 a6 12. Bc4 d5 13. exd5 Nxd5 14. a4 Qc7 15. Bd2 Rad8 16. Qc2 Rfe8 17. a5 f5 18. Qa4 Kh7 19. Qa3 Qd6 20. Rad1 Bf8 21. Ra1 Bg7 22. Rad1 Nc7 23. Be3 Bf8 24. N3d2 Bxc4 25. Nxc4 Qd5 26. Nb6 Qf7 27. Qa4 Nd5 28. Nc4 Rd7 29. Bc1 Bg7 30. Nh2 Red8 31. Nf3 Re8 1/2-1/2

[Event "23rd Bavarian Masters Open"]
[Site "Tegernsee GER"]
[Date "2019.11.02"]
[Round "8"]
[White "Dommaraju Gukesh"]
[Black "Gata Kamsky"]
[Result "1/2-1/2"]
[EventDate "?"]
[WhiteElo "2520"]
[BlackElo "2685"]
[Source "ChessBites"]
[PlyCount "88"]

1. d4 d5 2. c4 c6 3. Nf3 Nf6 4. Nc3 a6 5. g3 dxc4 6. a4 a5 7. e3 Bf5 8. Bxc4 e6 9. h3 h6 10. Nh4 Bh7 11. Bd3 Bxd3 12. Qxd3 Bb4 13. O-O O-O 14. Rd1 c5 15. Nf3 cxd4 16. Nxd4 e5 17. Ndb5 Qxd3 18. Rxd3 Na6 19. Rd1 Nc5 20. Bd2 Rfd8 21. Be1 Nd3 22. Rab1 Rd7 23. Kf1 Rad8 24. Ke2 Kf8 25. e4 h5 26. f3 h4 27. gxh4 Nf4+ 28. Kf1 Rd3 29. Bf2 Ke7 30. Nd5+ N6xd5 31. Rxd3 Nxd3 32. exd5 Nxf2 33. Kxf2 Rxd5 34. Rc1 g6 35. Rc7+ Kf6 36. Rxb7 Rd2+ 37. Ke3 Rxb2 38. Nd6 Ra2 39. Nxf7 Rxa4 40. Ng5 Be7 41. Ne4+ Ke6 42. Rb6+ Kf7 43. Ng5+ Kg7 44. Rb7 Kf6 1/2-1/2

[Event "23rd Bavarian Masters Open"]
[Site "Tegernsee GER"]
[Date "2019.11.01"]
[Round "7"]
[White "Tomas Ludvik"]
[Black "Dommaraju Gukesh"]
[Result "0-1"]
[EventDate "?"]
[WhiteElo "2305"]
[BlackElo "2520"]
[Source "ChessBites"]
[PlyCount "62"]

1. d4 Nf6 2. c4 e6 3. Nf3 d5 4. Nc3 c6 5. e3 Nbd7 6. Qc2 Bd6 7. Bd3 O-O 8. O-O dxc4 9. Bxc4 b5 10. Bd3 Bb7 11. a3 a5 12. Ng5 h6 13. Nge4 Be7 14. Rd1 Qb6 15. Rb1 Nd5 16. Ng3 N5f6 17. Qe2 Rfe8 18. f4 b4 19. Na4 Qa7 20. e4 c5 21. e5 Nd5 22. f5 Nxe5 23. fxe6 Nxd3 24. Rxd3 Bf6 25. Nxc5 Ba6 26. Nxa6 Rxe6 27. Qd1 Qxa6 28. Qf3 Re1+ 29. Kf2 Rae8 30. Rd1 Qc4 31. Nf5 Qf1+ 0-1

[Event "23rd Bavarian Masters Open"]
[Site "Tegernsee GER"]
[Date "2019.10.31"]
[Round "6"]
[White "Dommaraju Gukesh"]
[Black "Ingo Cordts"]
[Result "1-0"]
[EventDate "?"]
[WhiteElo "2520"]
[BlackElo "2212"]
[Source "ChessBites"]
[PlyCount "66"]

1. Nf3 d5 2. g3 g6 3. Bg2 Bg7 4. d4 Nf6 5. O-O O-O 6. c4 c6 7. Nbd2 a5 8. b3 a4 9. Ba3 axb3 10. axb3 Re8 11. h3 b6 12. Ne5 Bb7 13. e3 Nfd7 14. f4 f6 15. Ng4 f5 16. Ne5 e6 17. cxd5 Nxe5 18. fxe5 cxd5 19. Nc4 Nc6 20. Nd6 Re7 21. b4 b5 22. Qc2 Qb6 23. Qc5 Qxc5 24. bxc5 b4 25. Bb2 Ba6 26. Rfd1 Rea7 27. Kf2 Kf8 28. g4 Ke7 29. Bf3 fxg4 30. hxg4 g5 31. e4 Bc4 32. Rxa7+ Rxa7 33. Nc8+ 1-0

[Event "23rd Bavarian Masters Open"]
[Site "Tegernsee GER"]
[Date "2019.10.30"]
[Round "5"]
[White "Sergei Nikolaevich Azarov"]
[Black "Dommaraju Gukesh"]
[Result "1-0"]
[EventDate "?"]
[WhiteElo "2586"]
[BlackElo "2520"]
[Source "ChessBites"]
[PlyCount "98"]

1. e4 c5 2. Nf3 Nc6 3. d4 cxd4 4. Nxd4 Nf6 5. Nc3 e5 6. Ndb5 d6 7. Nd5 Nxd5 8. exd5 Nb8 9. a4 Be7 10. Be2 O-O 11. O-O Nd7 12. Bd2 a6 13. Na3 a5 14. f4 exf4 15. Bxf4 Nc5 16. Nb5 Ne4 17. Bd3 Qb6+ 18. Kh1 Nf2+ 19. Rxf2 Qxf2 20. Bg3 Qe3 21. Qe1 Qxe1+ 22. Rxe1 Bg5 23. Nc7 Rb8 24. Bxd6 Rd8 25. Bg3 Bd7 26. b3 Bd2 27. Rf1 Bb4 28. h3 Rbc8 29. Bc4 f6 30. Rf3 Kh8 31. d6 Bxa4 32. bxa4 Bxd6 33. Ne6 Re8 34. Bb3 Bxg3 35. Rxg3 g6 36. Rd3 Rc6 37. Nf4 g5 38. Nh5 f5 39. Rd5 Rh6 40. Ng3 f4 41. Nf5 Rhe6 42. Nd6 g4 43. hxg4 Rh6+ 44. Kg1 Re1+ 45. Kf2 Rhh1 46. Bc4 Rd1 47. Nxb7 Rc1 48. Bd3 Rhd1 49. Kf3 1-0

[Event "23rd Bavarian Masters Open"]
[Site "Tegernsee GER"]
[Date "2019.10.29"]
[Round "4"]
[White "Dommaraju Gukesh"]
[Black "Stephan Buchal"]
[Result "1-0"]
[EventDate "?"]
[WhiteElo "2520"]
[BlackElo "2274"]
[Source "ChessBites"]
[PlyCount "76"]

1. e4 g6 2. d4 Bg7 3. Nc3 d6 4. Be3 a6 5. h4 Nf6 6. f3 h5 7. e5 Nfd7 8. e6 fxe6 9. Nh3 Nf8 10. Ng5 Nc6 11. Bd3 Nb4 12. Be2 Nd5 13. Qd2 c6 14. Nxd5 exd5 15. O-O-O Bd7 16. g4 e6 17. gxh5 gxh5 18. Qb4 Qc7 19. Rhg1 Bf6 20. f4 Rc8 21. Qd2 c5 22. Kb1 Ba4 23. Rc1 Bb5 24. Bf3 Qb6 25. c3 cxd4 26. cxd4 Rc4 27. Rgd1 Kd7 28. f5 exf5 29. Bxd5 Rxc1+ 30. Rxc1 Ng6 31. Be6+ Kd8 32. d5 Bd3+ 33. Ka1 Qb5 34. Nf7+ Ke7 35. Rc7+ Kf8 36. Bh6+ Rxh6 37. Qxh6+ Bg7 38. Rc8+ 1-0

[Event "23rd Bavarian Masters Open"]
[Site "Tegernsee GER"]
[Date "2019.10.28"]
[Round "3"]
[White "Jonasz Baum"]
[Black "Dommaraju Gukesh"]
[Result "1/2-1/2"]
[EventDate "?"]
[WhiteElo "2341"]
[BlackElo "2520"]
[Source "ChessBites"]
[PlyCount "30"]

1. d4 Nf6 2. c4 e6 3. Nf3 d5 4. g3 dxc4 5. Bg2 a6 6. O-O Nc6 7. e3 Rb8 8. Nfd2 e5 9. Nxc4 exd4 10. exd4 Nxd4 11. Re1+ Be6 12. Na5 Qd7 13. Nxb7 Be7 14. Bf4 O-O 15. Nc3 Rbc8 1/2-1/2

[Event "World Cadets U12"]
[Site "Santiago de Compostela ESP"]
[Date "2018.11.04"]
[Round "1"]
[White "Dommaraju Gukesh"]
[Black "Petar Kovac"]
[Result "1-0"]
[EventDate "?"]
[WhiteElo "2457"]
[BlackElo "1696"]
[Source "Info64"]
[PlyCount "62"]

1. b3 e5 2. Bb2 Nc6 3. e3 g6 4. d4 exd4 5. exd4 Bg7 6. Nf3 Nge7 7. Be2 O-O 8. O-O d5 9. c3 Re8 10. Nbd2 Nf5 11. Re1 h6 12. Nf1 g5 13. Qc2 g4 14. N3d2 Nd6 15. Bd3 Be6 16. Ng3 Qg5 17. Ndf1 f5 18. Bc1 Qg6 19. Ne2 Qf7 20. Nf4 Bd7 21. Ba3 Ne4 22. Nxd5 Nxd4 23. cxd4 Bxd4 24. Nfe3 Nxf2 25. Qxf2 f4 26. Nxf4 b5 27. Bb2 Bxb2 28. Qxb2 Qxf4 29. Nd5 Qd6 30. Nf6+ Kf7 31. Rf1 1-0

[Event "Paracin Open A 2018"]
[Site "Paracin SRB"]
[Date "2018.07.12"]
[Round "8.9"]
[White "Gukesh Dommaraju"]
[Black "Yesuntumur Tugstumur"]
[Result "0-1"]
[EventDate "2018.??.??"]
[WhiteElo "2433"]
[BlackElo "2116"]
[PlyCount "62"]

1. e4 c5 2. Nf3 e6 3. d3 Nc6 4. g3 g6 5. Bg2 Bg7 6. O-O Nge7 7. Re1 d6 8. c3 e5 9. a3 O-O 10. b4 h6 11. Nbd2 Be6 12. Nb3 cxb4 13. axb4 a6 14. Nfd2 Kh7 15. Ba3 f5 16. exf5 Nxf5 17. Rc1 Qd7 18. Ne4 b6 19. Ned2 Rac8 20. Bb2 Qf7 21. Re2 d5 22. Ra1 d4 23. cxd4 Nxb4 24. Ba3 Nc2 25. Bxf8 Nxa1 26. Qxa1 Rxf8 27. d5 Bxd5 28. Bxd5 Qxd5 29. Qxa6 b5 30. Qa1 Qxd3 31. Qb1 Qxe2 0-1

[Event "Paracin Open A 2018"]
[Site "Paracin SRB"]
[Date "2018.07.06"]
[Round "1.19"]
[White "Gukesh Dommaraju"]
[Black "Bulent Ersahin"]
[Result "1-0"]
[EventDate "2018.07.06"]
[WhiteElo "2433"]
[BlackElo "2179"]
[PlyCount "114"]

1. Nf3 Nf6 2. g3 g6 3. Bg2 Bg7 4. O-O O-O 5. d4 c5 6. dxc5 Na6 7. Be3 Qc7 8. Nc3 Nxc5 9. Nb5 Qb6 10. c4 a5 11. Bd4 d6 12. b3 Bd7 13. Nc3 Bc6 14. Rb1 Rfc8 15. Ne1 Bxg2 16. Nxg2 Qd8 17. Nf4 Ncd7 18. Nfd5 e6 19. Nxf6+ Nxf6 20. e4 Ra6 21. Qe2 Nd7 22. Bxg7 Kxg7 23. Rfd1 Qf6 24. Qe3 Qe5 25. Rd2 f5 26. Rbd1 Rcc6 27. exf5 Qxe3 28. fxe3 Ne5 29. Kg2 gxf5 30. Nb5 Ng4 31. Kf3 Kf6 32. e4 Ne5+ 33. Ke2 a4 34. exf5 axb3 35. axb3 exf5 36. Rxd6+ Ke7 37. R6d5 Ra2+ 38. R1d2 Rxd2+ 39. Kxd2 Nf3+ 40. Ke3 Nxh2 41. Nd4 Rb6 42. Nxf5+ Ke8 43. Nd6+ Kf8 44. Rd3 Ng4+ 45. Kf4 Nf6 46. Ke5 Nd7+ 47. Kd5 Nf6+ 48. Ke6 Ne4 49. Rf3+ Kg8 50. Kd5 Nd2 51. c5 Rb4 52. Rf7 Rxb3 53. Rxb7 Rd3+ 54. Ke6 Re3+ 55. Kd7 Rc3 56. c6 Nf3 57. c7 1-0

[Event "2nd IIFL Wealth Mumbai Open"]
[Site "Mumbai IND"]
[Date "2016.12.29"]
[Round "4"]
[White "Dommaraju Gukesh"]
[Black "Srinath Narayanan"]
[Result "0-1"]
[EventDate "2016.12.26"]
[WhiteElo "2236"]
[BlackElo "2490"]
[Source "2700chess"]
[PlyCount "102"]

1. e4 c5 2. Nf3 d6 3. d4 cxd4 4. Nxd4 Nf6 5. Nc3 a6 6. g3 e5 7. Nde2 Nbd7 8. Bg2 b5 9. h3 Bb7 10. O-O Be7 11. g4 b4 12. Nd5 Nxd5 13. exd5 O-O 14. a3 a5 15. Be3 Bg5 16. Bxg5 Qxg5 17. Ng3 Nc5 18. Nf5 Rfd8 19. f4 Qf6 20. fxe5 Qxe5 21. Qd2 Qxb2 22. Qg5 Rd7 23. axb4 f6 24. Qe3 Qxb4 25. g5 fxg5 26. Qxg5 Ba6 27. Rf4 Qc3 28. Rb1 Kh8 29. Rb6 Qe5 30. Qg3 Rg8 31. Qf2 a4 32. Nd4 Re7 33. Ne6 Nxe6 34. dxe6 Qa1+ 35. Kh2 Bc8 36. Rb8 Bxe6 37. Rff8 Qe5+ 38. Kh1 g6 39. Rxg8+ Bxg8 40. Qf8 Qa1+ 41. Kh2 Qe5+ 42. Kh1 Qg7 43. Bd5 Qa1+ 44. Kg2 Re2+ 45. Kf3 Qf1+ 46. Kg4 Qg1+ 47. Kh4 Qe1+ 48. Kg4 h5+ 49. Kg5 Re5+ 50. Kh6 Qd2+ 51. Kxg6 Qg5# 0-1

[Event "9th Mayors Cup Open"]
[Site "Mumbai IND"]
[Date "2016.06.06"]
[Round "7"]
[White "Raset Ziatdinov"]
[Black "Gukesh Dommaraju"]
[Result "1/2-1/2"]
[EventDate "2016.06.02"]
[WhiteElo "2304"]
[BlackElo "2056"]
[Source "ChessResults"]
[PlyCount "40"]

1. e4 e6 2. d4 d5 3. Nc3 Bb4 4. exd5 exd5 5. Bd3 Nc6 6. a3 Ba5 7. Ne2 Nge7 8. O-O Bf5 9. Bxf5 Nxf5 10. Qd3 Qd7 11. Na4 Bb6 12. Nc5 Bxc5 13. dxc5 O-O 14. Bf4 Rfe8 15. Rad1 Rad8 16. Ng3 Nxg3 17. Qxg3 Rc8 18. Qd3 Rcd8 19. Qg3 Rc8 20. Qd3 1/2-1/2

[Event "9th Mayors Cup Open"]
[Site "Mumbai IND"]
[Date "2016.06.05"]
[Round "5"]
[White "Mikhail Mozharov"]
[Black "Dommaraju Gukesh"]
[Result "1/2-1/2"]
[EventDate "2016.06.02"]
[WhiteElo "2560"]
[BlackElo "2056"]
[Source "ChessResults"]
[PlyCount "68"]

1. d4 d5 2. Bf4 c6 3. e3 Qb6 4. Qc1 Bf5 5. Nf3 Nd7 6. Be2 e6 7. O-O Ngf6 8. c4 Be7 9. Nc3 O-O 10. c5 Qd8 11. b4 Nh5 12. Be5 Bf6 13. Bd6 Be7 14. Bxe7 Qxe7 15. b5 Bg4 16. h3 Bxf3 17. Bxf3 Nhf6 18. bxc6 bxc6 19. Rb1 e5 20. Qc2 Rfc8 21. Rb7 Qd8 22. Rfb1 Rc7 23. R7b2 g6 24. Qa4 exd4 25. exd4 Nf8 26. Be2 Ne6 27. Ba6 Ne4 28. Nxe4 dxe4 29. Rb7 Rxb7 30. Bxb7 Rb8 31. Qxa7 Qc7 32. a4 Nxd4 33. Qb6 Qf4 34. a5 1/2-1/2

[Event "IIFL Wealth Mumbai U13 Open"]
[Site "Mumbai IND"]
[Date "2016.02.01"]
[Round "5"]
[White "Dommaraju Gukesh"]
[Black "Rahman Mohammad Fahad"]
[Result "1/2-1/2"]
[EventDate "?"]
[WhiteElo "2041"]
[BlackElo "2278"]
[Source "ChessResults"]
[PlyCount "48"]

1. e4 c5 2. d3 Nc6 3. Nf3 g6 4. g3 Bg7 5. Bg2 e6 6. O-O Nge7 7. c3 d5 8. Nbd2 O-O 9. Qe2 b6 10. e5 Qc7 11. Re1 Ba6 12. Nf1 h6 13. h4 Rad8 14. Bf4 Kh7 15. N1h2 Rfe8 16. Ng4 Ng8 17. a3 b5 18. b4 Nb8 19. Bd2 Nd7 20. Bf4 Nb8 21. Bd2 Nd7 22. Bf4 Nb8 23. Bd2 Nd7 24. Bf4 1/2-1/2

[Event "4th Keshabananda Das Memorial"]
[Site "Bhubaneswar IND"]
[Date "2015.09.17"]
[Round "10"]
[White "Dommaraju Gukesh"]
[Black "Hemant Sharma"]
[Result "0-1"]
[EventDate "?"]
[WhiteElo "1801"]
[BlackElo "2282"]
[Source "ChessResults"]
[PlyCount "94"]

1. b3 e5 2. Bb2 d6 3. g3 Nc6 4. Bg2 Nf6 5. d3 Bf5 6. Nd2 Be7 7. e4 Bg4 8. Ngf3 h6 9. Qe2 Qd7 10. h3 Be6 11. Nf1 Nh7 12. Ne3 Ng5 13. Nd5 Bd8 14. h4 Nxf3+ 15. Bxf3 Be7 16. Bg2 a5 17. a3 O-O 18. O-O f5 19. f4 Rae8 20. Qh5 Nd4 21. Bxd4 exd4 22. Nxe7+ Qxe7 23. Rae1 Qd7 24. e5 d5 25. Qe2 Qe7 26. Qf2 Qc5 27. Rb1 Ra8 28. c4 dxc4 29. bxc4 Qxa3 30. Bxb7 Rad8 31. Qd2 Rb8 32. Bg2 Qc3 33. Qd1 a4 34. Rxb8 Rxb8 35. Qxa4 Qxd3 36. Qc6 Bxc4 37. Rf3 Qe2 38. Qxc7 Rb1+ 39. Kh2 Rb2 40. Qc8+ Kh7 41. Qxf5+ Kh8 42. Kh3 Qxg2+ 43. Kg4 Rb8 44. e6 Be2 45. Qe5 Bxf3+ 46. Kf5 Qc2+ 47. Qe4 0-1